Primer on industrial environmental impact / (Record no. 6861)

MARC details
000 -LEADER
fixed length control field 00744cam a22002172 4500
001 - CONTROL NUMBER
control field 0000005131
005 - DATE AND TIME OF LATEST TRANSACTION
control field 20151217151953.0
008 - FIXED-LENGTH DATA ELEMENTS--GENERAL INFORMATION
fixed length control field 070606s xx 000 0 eng d
020 ## - INTERNATIONAL STANDARD BOOK NUMBER
International Standard Book Number 0882850504 :
Terms of availability KES 2,400
040 ## - CATALOGING SOURCE
Original cataloging agency KABU
Transcribing agency KABU
050 #0 - LIBRARY OF CONGRESS CALL NUMBER
Classification number TD194.6
Item number .G74
245 10 - TITLE STATEMENT
Title Primer on industrial environmental impact /
Statement of responsibility, etc. Michael R. Greenberg ... [et al]
260 ## - PUBLICATION, DISTRIBUTION, ETC. (IMPRINT)
Place of publication, distribution, etc. Piscataway, NJ :
Name of publisher, distributor, etc. The Centre for Urban Policy Research,
Date of publication, distribution, etc. c1979.
300 ## - PHYSICAL DESCRIPTION
Extent 299 p. ;
Dimensions 24 cm.
650 #0 - SUBJECT ADDED ENTRY--TOPICAL TERM
Topical term or geographic name as entry element Environmental impact analysis.
-- 0000156236
650 #0 - SUBJECT ADDED ENTRY--TOPICAL TERM
Topical term or geographic name as entry element Industrial location
General subdivision Environmental aspects.
-- 0000156244
700 1# - ADDED ENTRY--PERSONAL NAME
Personal name Greenberg, Michael R.
-- 0000156245
908 ## - PUT COMMAND PARAMETER (RLIN)
Put command parameter 070606
950 ## - LOCAL HOLDINGS (RLIN)
-- 1
Holdings
Withdrawn status Lost status Source of classification or shelving scheme Not for loan Home library Current library Date acquired Total Checkouts Full call number Barcode Date last seen Price effective from Koha item type
    Library of Congress Classification   Kabarak, Main Campus Kabarak, Main Campus 17/12/2015   TD194.6 .G74 33952 17/12/2015 17/12/2015 General Collection
Designed with assistance from East African Informatics Ltd